مكتبة جامعة عجلون الوطنية

فهرس بحث المكتبة

أثر المناخ التنظيمي في الارتباط الوظيفي لدى العاملين ببلديات إقليم الشمال في الاردن=The Impact of Organizational Climate in Employees Job Engagement in Municipalities of North Jordan Region (Record no. 30445)

MARC details
000 -LEADER
fixed length control field 01372nam a2200241Ii 4500
003 - CONTROL NUMBER IDENTIFIER
control field JO-AjNU
005 - DATE AND TIME OF LATEST TRANSACTION
control field 20240626133407.0
008 - FIXED-LENGTH DATA ELEMENTS--GENERAL INFORMATION
fixed length control field 230605s9999||||xx |||||||||||||| ||und||
040 ## - CATALOGING SOURCE
Original cataloging agency JO-AjNU
Language of cataloging ara
Description conventions rda
Transcribing agency JO-AjNU
041 ## - LANGUAGE CODE
Language code of text/sound track or separate title ara
050 14 - LIBRARY OF CONGRESS CALL NUMBER
Classification number HD37.2020
100 ## - MAIN ENTRY--PERSONAL NAME
Personal name الحسن، طارق مرعي عبدالله
Relator term معد
9 (RLIN) 65698
245 00 - TITLE STATEMENT
Title أثر المناخ التنظيمي في الارتباط الوظيفي لدى العاملين ببلديات إقليم الشمال في الاردن=The Impact of Organizational Climate in Employees Job Engagement in Municipalities of North Jordan Region
Statement of responsibility, etc. / اعداد طارق مرعي عبد الله الحسن ؛ اشراف علي فلاح الزعبي
264 31 - PRODUCTION, PUBLICATION, DISTRIBUTION, MANUFACTURE, AND COPYRIGHT NOTICE
Place of production, publication, distribution, manufacture 2020
300 ## - PHYSICAL DESCRIPTION
Extent 130 ورقة
336 ## - CONTENT TYPE
Content type term text
Content type code txt
Source rdacontent
337 ## - MEDIA TYPE
Media type term unmediated
Media type code n
Source rdamedia
338 ## - CARRIER TYPE
Carrier type term volume
Carrier type code nc
Source rdacarrier
500 ## - GENERAL NOTE
General note رسالة جامعية(اطروحة ماجستير) جامعة عجلون الوطنية ،كلية ادارة الاعمال،ادارة اعمال 2020، يحتوي على قائمة مراجع من ص115-120ص ويحتوي على ملاحق من ص 121-130ص
650 #4 - SUBJECT ADDED ENTRY--TOPICAL TERM
Topical term or geographic name entry element المفاهيم الادارية الحديثة- المناخ الوظيفي- الارتباط الوظيفي
9 (RLIN) 59698
700 ## - ADDED ENTRY--PERSONAL NAME
Personal name الزعبي، علي فلاح
9 (RLIN) 28684
Relator term مشرف
942 ## - ADDED ENTRY ELEMENTS (KOHA)
Source of classification or shelving scheme Library of Congress Classification
Koha item type Thesis
Holdings
Withdrawn status Lost status Source of classification or shelving scheme Damaged status Not for loan Home library Current library Shelving location Date acquired Total Checkouts Full call number Barcode Date last seen Price effective from Koha item type
    Library of Congress Classification     مكتبة جامعة عجلون الوطنية مكتبة جامعة عجلون الوطنية المراجع 26/06/2024   HD37.2020 A26877 06/06/2023 26/06/2024 Thesis
    Library of Congress Classification     مكتبة جامعة عجلون الوطنية مكتبة جامعة عجلون الوطنية   26/06/2024   HD37.2020 a26878 26/06/2024 26/06/2024 Thesis